000 00531nam a22001817a 4500
005 20251108164733.0
008 250721s1985 xx 000 0 ara d
082 1 4 _a615.662/فاي
100 1 _aفايان، كلودي
245 1 0 _aكنت طبيبة في اليمن /
264 1 _aبيروت :
_bدار الهلال،
_c1985.
300 _a253ص : مص
650 1 7 _aاليمن
650 1 7 _aالرحلات الجغرافية
700 1 _aالعبي، محسن أحمد
_eترجمة
942 _2ddc
_cBK
999 _c13123
_d13123